Outsourcing logistických služeb při vstupu na zahraniční trhy
Výrobcovia a možnosti distribúcie výrobkov. Využitie outsourcingu logistických služieb. Analýza požiadavky na logistické služby. Výhody outsourcingu.
Guardado en:
| Autor principal: | |
|---|---|
| Formato: | Capítulo de libro |
| Lenguaje: | checo |
| Materias: | |
| Etiquetas: |
Sin Etiquetas, Sea el primero en etiquetar este registro!
|
MARC
| LEADER | 00000naa$a2200000$$$4500 | ||
|---|---|---|---|
| 001 | 0033652 | ||
| 005 | 20231016104458.8 | ||
| 041 | 0 | |a cze | |
| 044 | |a CZ | ||
| 245 | 1 | 0 | |a Outsourcing logistických služeb při vstupu na zahraniční trhy |c Daniel Mareš |
| 520 | |a Výrobcovia a možnosti distribúcie výrobkov. Využitie outsourcingu logistických služieb. Analýza požiadavky na logistické služby. Výhody outsourcingu. | ||
| 610 | 2 | 0 | |a služby logistické |
| 610 | 2 | 0 | |a dodávatelia |
| 610 | 2 | 0 | |a odberatelia |
| 610 | 2 | 0 | |a vzťahy dodávateľsko-odberateľské |
| 610 | 2 | 0 | |a zásobovanie |
| 610 | 2 | 0 | |a preprava |
| 610 | 2 | 0 | |a sklady |
| 610 | 2 | 0 | |a outsourcing |
| 610 | 2 | 0 | |a trh zahraničný |
| 100 | 1 | |a Mareš, Daniel | |